Cases and problems in contemporary retailing. (2nd ed.) (Record no. 79183)

MARC details
000 -LEADER
fixed length control field 01598nam a2200277 a 4500
008 - FIXED-LENGTH DATA ELEMENTS--GENERAL INFORMATION
fixed length control field 120416s1987 ||||||||||||||||| || u
020 ## - INTERNATIONAL STANDARD BOOK NUMBER
International Standard Book Number 0256037086
050 ## - LIBRARY OF CONGRESS CALL NUMBER
Classification number HF 5429 Mas
100 ## - MAIN ENTRY--PERSONAL NAME
Personal name Mayer, Morris Lehman
245 10 - TITLE STATEMENT
Title Cases and problems in contemporary retailing. (2nd ed.)
250 ## - EDITION STATEMENT
Edition statement 2nd ed.
260 ## - PUBLICATION, DISTRIBUTION, ETC.
Place of publication, distribution, etc. Plano, Tex. :
Name of publisher, distributor, etc. Business Publications
Date of publication, distribution, etc. 1987
300 ## - PHYSICAL DESCRIPTION
Extent xv, 359 p. : ill.
350 ## -
-- 0.00
500 ## - GENERAL NOTE
General note Bibliography: p. 319-325.
650 ## - SUBJECT ADDED ENTRY--TOPICAL TERM
Topical term or geographic name entry element TRADE POLICY--ZIMBABWE
650 ## - SUBJECT ADDED ENTRY--TOPICAL TERM
Topical term or geographic name entry element RETAIL TRADE--CASE STUDIES
700 ## - ADDED ENTRY--PERSONAL NAME
Personal name Mason, Barry J
700 ## - ADDED ENTRY--PERSONAL NAME
Personal name Ezell, Hazel F
995 ## -
-- MAIN LIBRARY OPEN ACCESS
-- 0.00
-- 004921
-- CBU-MAIN LIBRARY (Kitwe)
-- 3
-- 81.00
-- HF 5429 Mas
-- 3
-- AVAILABLE
-- 004921
-- Main Library Open Access Collection
995 ## -
-- TEXTBOOKS (DDEOL)
-- 0.00
-- 5034
-- CBU-SCHOOL TEXTBOOK COLLECTIONS
-- 1
-- 0.00
-- SCHOOL TEXTBOOK
-- 6
-- AVAILABLE
-- Jul 21, 2009
-- 5034
-- Main Library Open Access Collection
995 ## -
-- TEXTBOOKS (DDEOL)
-- 0.00
-- 5019
-- CBU-SCHOOL TEXTBOOK COLLECTIONS
-- 1
-- 0.00
-- SCHOOL TEXTBOOK
-- 5
-- AVAILABLE
-- Jul 20, 2009
-- 5019
-- Main Library Open Access Collection
995 ## -
-- ANNEX COLLECTION (Main Library)
-- 0.00
-- 004918
-- CBU-MAIN LIBRARY (Kitwe)
-- 2
-- 81.00
-- HF 5429 Mas
-- 1
-- AVAILABLE
-- 004918
-- Annex Low-Usage Collection
995 ## -
-- ANNEX COLLECTION (Main Library)
-- 0.00
-- 004920
-- CBU-MAIN LIBRARY (Kitwe)
-- 4
-- 81.00
-- HF 5429 Mas
-- 2
-- AVAILABLE
-- 004920
-- Annex Low-Usage Collection
995 ## -
-- MAIN LIBRARY OPEN ACCESS
-- 0.00
-- 725412
-- CBU-MAIN LIBRARY (Kitwe)
-- 1
-- 81.00
-- HF 5429 Mas
-- 4
-- AVAILABLE
-- 004919
-- Main Library Open Access Collection
999 ## -
-- 79183
-- 79183

No items available.